[Event "Tata Steel-A 77th"]
[Site "Wijk aan Zee"]
[Date "2015.01.15"]
[Round "5"]
[White "Carlsen, Magnus"]
[Black "Aronian, Levon"]
[Result "1-0"]
[WhiteElo "2862"]
[BlackElo "2797"]
[Annotator "Krasenkow,Michal"]
[PlyCount "93"]
[EventDate "2015.01.10"]
[EventType "tourn"]
[EventRounds "13"]
[EventCountry "NED"]
[EventCategory "20"]
[SourceTitle "CBM 165"]
[Source "ChessBase"]
[SourceDate "2015.03.11"]
[SourceVersion "1"]
[SourceVersionDate "2015.03.11"]
[SourceQuality "1"]

1. d4 Nf6 2. c4 e6 3. Nf3 d5 4. Nc3 Bb4 5. cxd5 exd5 6. Bg5 h6 7. Bxf6 Qxf6 8. Qa4+ Nc6 9. e3 O-O 10. Be2 Be6 11. O-O a6 12. Rfc1 Bd6 13. Qd1 Ne7 {A popular system of the Ragozin Defence has been played. As usual in this structure, White must start active play on the queenside while Black must create kingside counterplay.} 14. a3 ({In the event of} 14. Na4 {there is nothing wrong with} b6 {, e.g.} 15. b4 (15. Nc3 g5 $5 16. g3 Qg7 17. Qf1 f5 18. Bxa6 f4 19. exf4 Rxa6 $5 20. Qxa6 gxf4 21. Qd3 Bf5 22. Qd2 Be4 $36 {0-1 (29) Khairullin,I (2604)-Khismatullin,D (2614) Ulan Ude 2009}) 15... g5 16. Nb2 Ng6 17. Nd3 Kg7 18. a4 a5 19. b5 h5 20. Rc3 Rad8 21. Rac1 Rd7 22. Nfe5 Nxe5 23. Nxe5 Bxe5 24. dxe5 Qxe5 25. Qd4 Qxd4 26. exd4 h4 27. Rxc7 Rxc7 28. Rxc7 {White has broken through but Black easily holds his ground in this simple ending:} Rc8 29. Rxc8 Bxc8 30. Bd3 Kf6 31. Kf1 Bg4 32. Ke1 Bf5 33. Kd2 Bxd3 34. Kxd3 g4 35. Ke3 Kg5 36. f4+ Kf5 {1/2 (36) Huzman,A (2605)-Jakovenko,D (2726) Plovdiv 2010}) ({To} 14. Rab1 {(which may look a better way to prepare b2-b4) Black can reply} Bf5 {and then make use of the exchange of light-squared bishops by transferring his knight to b6 and possibly c4:} 15. Bd3 c6 16. b4 Nc8 $1 17. a4 Nb6 18. a5 Nc4 19. Na4 Rfe8 20. Nc5 {1/2 (20) Babula,V (2583)-Dizdar,G (2541) Turin 2006}) ({RR} 14. Na4 b6 15. Nc3 Rfc8 16. Qf1 b5 17. a4 c6 18. Nb1 bxa4 19. Nc3 Bg4 20. Nxa4 Bxf3 21. Bxf3 Rcb8 22. Qe2 a5 23. Qd2 Bb4 24. Qd3 g6 25. b3 Qd6 26. Rc2 Rb5 27. h4 h5 28. g3 Rab8 {Mamedyarov,S (2763)-Eljanov,P (2751) Astrakhan 2010 ½-½ (36)}) 14... Rfd8 {This move is slightly mysterious; it is not clear what Black's rook will do here. Practice has seen a lot of alternatives; here are some examples, in which Black mostly obtained good play:} (14... Rad8 15. Na4 Bc8 16. Nc5 c6 17. b4 g5 18. g3 Nf5 19. Ne1 Kg7 20. Bh5 Bc7 21. a4 Nd6 22. Bg4 Bxg4 23. Qxg4 Qe7 24. Ned3 Bb8 25. Qh3 Rfe8 26. Ra2 f6 27. Rac2 Qf7 28. Nxa6 $5 bxa6 29. Rxc6 {1-0 (38) Gurevich,D (2499)-Zilberstein,D (2379) San Diego 2004} a5 $13) (14... Rfe8 15. b4 c6 16. Na4 Ng6 17. Nc5 Re7 18. a4 Bg4 19. Ra2 (19. b5 {is premature due to} axb5 20. axb5 Rxa1 21. Rxa1 Bxc5 {forcing} 22. dxc5) 19... Rae8 (19... a5 $5 20. b5 b6) 20. Ne1 (20. b5 $5) 20... Bxe2 21. Rxe2 Nf4 22. Rb2 {1-0 (40) Jobava,B (2678)-David,A (2597) Milan 2011} Qg5 $11) (14... c5 $5 15. dxc5 Bxc5 16. Na4 (16. Nxd5 Bxd5 17. Rxc5 Qxb2 $11) 16... Ba7 17. b4 d4 18. Nxd4 Rad8 19. Qf1 Bxd4 20. exd4 Nf5 21. Nc5 {1/2 (21) Jobava,B (2695)-Efimenko,Z (2640) Rijeka 2010}) (14... b6 15. Qf1 Bg4 16. b4 c6 17. Na4 Rfb8 18. h3 Bf5 19. Qe1 g5 20. Nb2 h5 21. Nd3 g4 22. hxg4 Bxd3 $1 23. Bxd3 hxg4 24. Nd2 a5 25. bxa5 Rxa5 26. a4 Rba8 $132 {0-1 (74) Maiorov,N (2516)-Aleksandrov,A (2601) Minsk 2007}) (14... Rfb8 15. Na4 b6 16. b4 c6 17. Ne1 Bf5 18. Bd3 Bd7 19. Rab1 Ra7 20. g3 g6 21. Be2 h5 22. Bf3 Bf5 23. Rb3 a5 24. Nc3 axb4 25. axb4 b5 26. e4 dxe4 27. Bxe4 $6 Be6 $15 {0-1 (56) Laurusas,T (2222)-Swiercz,D (2501) Wroclaw 2010}) (14... g5 $5 15. g3 Qg7 16. e4 dxe4 17. Nxe4 Bd5 18. Nxd6 cxd6 19. Bc4 Bc6 20. d5 Bd7 21. Qd2 Qf6 22. Rc3 Rac8 23. Rac1 b5 24. Bb3 Rxc3 25. Rxc3 Rc8 $11 {0-1 (54) Aghasaryan,R (2235)-Lintchevski,D (2502) Kirishi 2008}) ({RR} 14... Rfe8 15. b4 Nf5 16. Na4 b6 17. Nb2 h5 18. Nd3 Qh6 {½-½ (18) Jakovljevic,V (2353)-Mijatovic,D (2158) Belgrade SRB 2024}) 15. b4 Nc8 $146 ({RR} 15... Bg4 16. Na4 Nf5 17. Nc5 Rab8 18. a4 Qg6 19. Ra2 Bh3 20. Qf1 Bg4 21. Ne1 Bxe2 22. Qxe2 Re8 23. Nf3 Qh5 24. g3 Qh3 25. b5 axb5 26. axb5 Qg4 27. Ne5 Qg5 28. Qf3 Bxe5 29. dxe5 d4 30. Nd3 {Parligras,M (2587)-Bokros,A (2472) Kragujevac 2015 0-1 (50)}) ({RR} 15... c6 16. Na4 Bf5 17. Nc5 Ra7 18. a4 Rda8 19. Qb3 g5 20. Nd3 Ng6 21. Qb2 g4 22. Nfe5 Bxd3 23. Nxd3 h5 24. b5 axb5 25. axb5 Ba3 26. Rxa3 Rxa3 27. Nb4 Ne7 28. Na6 Qd6 29. bxc6 bxa6 30. c7 {Surendran,N (2184)-Podolchenko,E (2376) Chennai IND 2023 ½-½ (47)}) 16. Na4 {[%mdl 36]} b6 $6 {Too cautious.} (16... b5 $5 17. Nc5 Nb6 18. a4 Nc4 $132) 17. Nb2 Ne7 18. Nd3 Ng6 {This manoeuvre is slightly illogical but it was necessary to cover the e5-square. It looks like Black has not done anything terribly wrong so far but in fact, his position is now very passive.} 19. a4 {[%cal Ya4a5]} a5 20. b5 {Compare this position to the above-mentioned game Huzman-Jakovenko: Black has not managed to push ...g7-g5 so he has no counterplay. White gradually mounts pressure along the c-file.} Re8 (20... Bf5 21. Rc3 Rd7 22. Rac1 Re8 {may be a better arrangement of the rooks but it doesn't solve the general problems.}) 21. Rc3 Bf5 22. Rac1 Rad8 23. Nd2 Rd7 (23... Qe6 $142 {preventing the exchange of bishops. Still, White can gradually prepare it:} 24. Bh5 $1 Rd7 25. h3 {as} Bxh3 26. gxh3 Qxh3 {doesn't work due to} 27. Qg4) 24. g3 (24. Bg4 $1 {was possible at once as} Bxh2+ {obviously didn't work.}) 24... Nf8 ({Again} 24... Qe6 {was called for. Still, after} 25. Bf3 {[%cal Yd1b3] Black's defence was very difficult.}) 25. Bg4 $1 {A typical exchange of a defender. Black's d5-pawn becomes more vulnerable, the c6-square in White's full possession; besides, White can now activate his queen and even his kingside pawns.} Nh7 26. Bxf5 (26. Ne5 $5 Bxe5 27. dxe5 Rxe5 28. Rxc7 {E.Gleizerov}) 26... Qxf5 27. Qf3 $1 {Both endgame and middlegame are now bad for Black.} Qg5 (27... Qe6 28. Nf4 (28. h4 $143 Nf6 {[%cal Yf6e4,Ye6h3]}) 28... Bxf4 29. gxf4 {, and the c7-pawn gets even weaker.}) 28. h4 Qe7 29. Rc6 Nf6 30. Nf4 g6 $6 {Black weakens his kingside, and his position collapses. Now it was better to defend passively:} (30... Ba3 31. R1c2 Bb4) 31. h5 $1 Kg7 (31... g5 32. Nxd5 Nxd5 33. Qxd5 Bxg3 (33... Ba3 34. Qf5 Bxc1 35. Rxh6 f6 36. Qg6+ Qg7 37. Qxe8+ $18) 34. Qf5 {[%cal Rc6h6]} Bd6 35. Nc4 $18 {[%cal Rc4d6]}) 32. hxg6 fxg6 33. Nxd5 $1 Nxd5 34. Qxd5 Bxg3 35. Qg2 Bd6 36. Nc4 {[%cal Rc4d6]} Rf8 $2 (36... Qd8 {was relatively better but after} 37. f4 $1 {[%cal Yc4e5] Black's position could not be defended anyway} (37. Nxd6 $143 cxd6)) 37. Ne5 $1 Bxe5 ({In the event of} 37... g5 38. Nxd7 Qxd7 {White's simplest way to convert his material advantage was} 39. e4 Rf4 40. Kf1 {[%cal Re4e5]} Rg4 41. Qf3 Rf4 42. Qg3 $1 Rxe4 43. Rxc7 $1) 38. Qxg6+ Kh8 39. Qxh6+ Kg8 40. dxe5 $18 Qxe5 41. Rg6+ Kf7 42. Rc4 Qa1+ 43. Kg2 Rh8 44. Rf4+ Ke8 45. Re6+ Re7 46. Rxe7+ Kxe7 47. Re4+ 1-0

[Event "Tata Steel-A 77th"]
[Site "Wijk aan Zee"]
[Date "2015.01.23"]
[Round "11"]
[White "Carlsen, Magnus"]
[Black "Vachier Lagrave, Maxime"]
[Result "1/2-1/2"]
[WhiteElo "2862"]
[BlackElo "2757"]
[PlyCount "93"]
[EventDate "2015.01.10"]
[EventType "tourn"]
[EventRounds "13"]
[EventCountry "NED"]
[EventCategory "20"]
[SourceTitle "CBM 165"]
[Source "ChessBase"]
[SourceDate "2015.03.11"]
[SourceVersion "1"]
[SourceVersionDate "2015.03.11"]
[SourceQuality "1"]

1. d4 Nf6 2. c4 g6 3. Nc3 d5 4. cxd5 Nxd5 5. e4 Nxc3 6. bxc3 Bg7 7. Be3 c5 8. Rc1 O-O 9. Nf3 Bg4 10. Be2 Qa5 11. O-O Qxa2 12. Rb1 cxd4 13. cxd4 Nc6 14. Rxb7 Rab8 15. Rxb8 ({RR} 15. Rc7 Rfc8 16. Rxc8+ Rxc8 17. h3 Bxf3 18. Bxf3 Rd8 19. d5 Ne5 20. Bg5 Qa3 21. Be2 h6 22. Bd2 Qa2 23. Bb4 Bf6 24. Qd2 Qa4 25. f4 Nc6 26. Bc3 Qxe4 27. Bxf6 exf6 28. Rd1 Ne7 29. Bf3 Qa4 {So,W (2760)-Firouzja,A (2785) Stavanger NOR 2023 ½-½ (55)}) ({RR} 15. Rc7 Rfc8 16. Rxc8+ Rxc8 17. h3 Bd7 18. Bb5 a6 19. Qa4 Qxa4 20. Bxa4 Ne5 21. Bxd7 Nxd7 22. Ra1 Ra8 23. Nd2 a5 24. Ra4 Nb6 25. Ra2 a4 26. d5 Nd7 27. Nc4 f5 28. f3 fxe4 29. fxe4 Ra6 {Fressinet,L (2687)-Vachier Lagrave,M (2789) Paris 2016 ½-½ (44)}) 15... Rxb8 16. h3 Bd7 17. d5 $146 ({RR} 17. Bd3 a5 18. Qc1 Qb2 19. Qc5 Qb4 20. Qd5 Qd6 21. Qxd6 exd6 22. Bc4 a4 23. Ng5 Nxd4 24. Bxf7+ Kf8 25. Bd5 h6 26. Nf7 Be6 27. Bxd4 Bxf7 28. Bxg7+ Kxg7 29. Bxf7 Kxf7 30. Ra1 Ra8 31. Ra3 Ke6 {Gromovs,S (2094)-Iwanczuk,K (1896) Krakow 2021 ½-½ (49)}) ({RR} 17. Bd3 a5 18. Qc1 Qb2 19. Qc5 Qb4 20. Qd5 Qd6 21. Qxd6 exd6 22. Bc4 a4 23. Ng5 Nxd4 24. Bxf7+ Kf8 25. Bd5 h6 26. Nf7 Be6 27. Bxd4 Bxf7 28. Bxg7+ Kxg7 29. Bxf7 Kxf7 30. Ra1 Ra8 31. Ra3 Ke6 {Gromovs,S (2094)-Iwanczuk,K (1896) Krakow 2021 ½-½ (49)}) 17... Ne5 18. Bf4 Nxf3+ 19. Bxf3 Rb4 20. Qc1 Rc4 21. Qb1 Qb2 22. Qxb2 Bxb2 23. Rb1 Rb4 24. Be3 a5 25. Bc5 Rb5 26. Bxe7 Be5 27. Rxb5 Bxb5 28. Bg4 Bb2 29. Bc5 a4 30. Bd1 f5 31. exf5 gxf5 32. f4 Kf7 33. g4 Bc1 34. Bd6 fxg4 35. hxg4 a3 36. Bb3 Bd7 37. g5 h6 38. gxh6 Kg6 39. Kf2 Kxh6 40. Kf3 Kg6 41. Ba2 Bb2 42. Be5 Bf5 43. d6 Bd7 44. Bb1+ Kf7 45. Ke4 Bc6+ 46. Kf5 Bd7+ 47. Ke4 1/2-1/2

[Event "Tata Steel-A 77th"]
[Site "Wijk aan Zee"]
[Date "2015.01.24"]
[Round "12"]
[White "Ding, Liren"]
[Black "Carlsen, Magnus"]
[Result "1/2-1/2"]
[WhiteElo "2732"]
[BlackElo "2862"]
[PlyCount "71"]
[EventDate "2015.01.10"]
[EventType "tourn"]
[EventRounds "13"]
[EventCountry "NED"]
[EventCategory "20"]
[SourceTitle "CBM 165"]
[Source "ChessBase"]
[SourceDate "2015.03.11"]
[SourceVersion "1"]
[SourceVersionDate "2015.03.11"]
[SourceQuality "1"]

1. d4 {Nielsen,Peter Heine} Nf6 2. c4 e6 3. Nf3 d5 4. Nc3 Be7 5. Bf4 O-O 6. e3 b6 7. Bd3 dxc4 8. Bxc4 Ba6 9. Qe2 Qc8 ({RR} 9... Bxc4 10. Qxc4 c5 11. dxc5 bxc5 12. O-O Nc6 13. Rac1 Rc8 14. Ne5 Qb6 15. Nxc6 ({RR} 15. Na4 Qb7 16. Nxc6 Qxc6 17. Bg5) 15... Rxc6 16. b3 h6 17. Rfd1 Qb7 ({RR} 17... Qa6) 18. h3 Rfc8 19. Na4 Nd7 20. Rd2 Nb6 21. Nxb6 Rxb6 22. Rcd1 Bf6 23. Rd7 Qa6 24. Qe4 {Carlsen,M (2842)-Nakamura,H (2777) Saint Louis 2018 CBM 186 [Nielsen,Peter Heine] 1-0 (97)} ({RR} 24. Qc2 c4) {RR} 24... Qxa2 25. Be5 Rb4 26. Qf3 Bxe5 27. Qxf7+ Kh7 28. Qxe6 Rf8 29. Qxe5 Qxf2+) 10. O-O c5 11. Nb5 ({RR} 11. dxc5 Bxc5 12. Rac1 Qb7 13. Rfd1 h6 14. Ne5 Rc8 15. Bxa6 Nxa6 16. a3 Bf8 17. b4 Nc7 18. b5 Ncd5 19. Nxd5 Nxd5 20. Qb2 Rxc1 21. Rxc1 Rc8 22. Nc6 Ne7 23. Qc2 Nd5 24. Qb2 Bc5 25. Be5 f6 {Lopusiewicz,P (2301)-Toktomushev,T (2418) chess.com INT 2025 0-1 (33)}) 11... Nbd7 $146 ({RR} 11... Bxb5 12. Bxb5 a6 13. Bd3 Nbd7 14. Rfc1 Qb7 15. a4 Rfc8 16. h3 cxd4 17. Rxc8+ Qxc8 18. exd4 Nd5 19. Rc1 Qb7 20. Bg3 N7f6 21. Bc4 h6 22. Ne5 Bd6 23. Re1 b5 24. axb5 axb5 25. Bb3 Re8 26. Qf3 {Urkedal,F (2545)-Wallis,C (2349) Melbourne 2019 1-0 (52)}) 12. Rac1 Qb7 13. dxc5 Nxc5 14. b4 Nce4 15. Nfd4 Rac8 16. a3 Nd5 17. Bd3 Bxb5 18. Nxb5 Nxf4 19. exf4 Nf6 20. f5 exf5 21. Bxf5 Rxc1 22. Rxc1 a5 23. Rc7 Qd5 24. Bd3 Bd8 25. Bc4 Qg5 26. Rxf7 Qc1+ 27. Qf1 Qxf1+ 28. Kxf1 Rxf7 29. Nd6 axb4 30. Nxf7 Be7 31. Nd8+ Kf8 32. Ne6+ Kf7 33. Nc7+ Kg6 34. axb4 Bxb4 35. Nd5 Nxd5 36. Bxd5 1/2-1/2

[Event "Grenke Chess Classic 3rd"]
[Site "Baden-Baden"]
[Date "2015.02.06"]
[Round "4"]
[White "Anand, Viswanathan"]
[Black "Carlsen, Magnus"]
[Result "0-1"]
[WhiteElo "2797"]
[BlackElo "2865"]
[Annotator "Roiz,Michael"]
[PlyCount "72"]
[EventDate "2015.02.02"]
[EventType "tourn"]
[EventRounds "7"]
[EventCountry "GER"]
[EventCategory "20"]
[SourceTitle "CBM 165"]
[Source "ChessBase"]
[SourceDate "2015.03.11"]
[SourceVersion "1"]
[SourceVersionDate "2015.03.11"]
[SourceQuality "1"]

1. d4 f5 2. g3 Nf6 3. Bg2 e6 4. c4 c6 5. Nf3 d5 {The Stonewall system must have come as a surprise for Vishy. Magnus prefers to deviate from the main theoretical lines as soon as possible.} 6. O-O Bd6 7. b3 Qe7 {Avoiding the exchange of the dark-squared bishops.} 8. Ne5 O-O 9. Nd2 {White goes for a classical plan of occupying the central square with both of his knights.} ({RR} 9. Bf4 Nbd7 10. Nxd7 Bxd7 11. Bxd6 Qxd6 12. Nd2 f4 13. Nf3 fxg3 14. hxg3 dxc4 15. bxc4 c5 16. Qb3 Bc6 17. Rad1 Rad8 18. Qa3 cxd4 19. c5 Qe7 20. Rxd4 Rxd4 21. Nxd4 Bxg2 22. Kxg2 Ne4 23. Qxa7 Nxc5 {Van Wely,L (2648)-Moiseenko,A (2663) Khanty-Mansiysk 2005 0-1 (113)}) ({RR} 9. Bf4 b6 10. Nd2 Bb7 11. Rc1 Na6 12. cxd5 cxd5 13. Nd3 Rac8 14. Nf3 Ne4 15. Bxd6 Qxd6 16. Nfe5 Nb4 17. a3 Nxd3 18. Qxd3 Rxc1 19. Rxc1 Qxa3 20. Qe3 Qd6 21. f3 Nf6 22. Qc3 Nd7 23. Nd3 Rc8 {Brunello,S (2499)-Gnojek,P (2414) Trencin SVK 2025 0-1 (68)}) 9... a5 {A typical useful move for such a structure - Black is getting some space for his q-side pieces and preventing White from advancing the b-pawn.} (9... c5 10. e3 Nc6 11. Bb2 cxd4 12. exd4 $14) (9... Nbd7 10. Ndf3 Ne4 11. Bf4 $14) (9... b6 10. cxd5 exd5 (10... cxd5 11. Ndc4 $1 $14) 11. Bb2 Bb7 12. Rc1 $14) 10. Bb2 {This natural developing move seems most promising.} ({Black doesn't experience any problems after} 10. Ndf3 b6 11. Qc2 Bb7 12. Bf4 Ne4 13. Nd3 Bxf4 14. Nxf4 Nd7 $11) 10... Nbd7 $146 (10... b6 11. cxd5 exd5 12. Rc1 Bb7 13. e3 $14) ({RR} 10... Ra7 11. Qc2 b6 12. Rfc1 Bb7 13. c5 bxc5 14. dxc5 Bc7 15. a3 Nbd7 16. Ndf3 Nxe5 17. Nxe5 Nd7 18. Nxd7 Qxd7 19. e3 Ba6 20. Bf1 Bxf1 21. Rxf1 e5 22. b4 f4 23. exf4 exf4 24. Rfe1 Bd8 25. Qe2 {Ruban,V (2590)-Agdestein,S (2610) Groningen 1993 ½-½ (32)}) ({RR} 10... Na6 11. Ndf3 Nd7 12. Qd2 Nxe5 13. Nxe5 Bxe5 14. dxe5 b6 15. Qe3 Rb8 16. Rac1 Bd7 17. Rfd1 Rfc8 18. cxd5 cxd5 19. Rxc8+ Bxc8 20. Rc1 Bd7 21. Bd4 Qd8 22. h3 Nb4 23. a3 Nc6 24. Bb2 a4 25. b4 {Ruban,V (2575)-Sorokin,M (2510) Moscow 1991 1-0 (49)}) 11. Qc2 a4 12. Ndf3 {Vishy decides not to react to the aggressive advance of Black's a-pawn.} ({The previously played} 12. bxa4 $5 {also comes to consideration:} Ne4 13. Nxe4 (13. Ndf3 Bxe5 14. dxe5 $6 Nb6 15. cxd5 exd5 16. Rab1 Nc4 $15 {0-1 (29) Goganov,A (2550)-Sandipan,C (2590)/Moscow RUS 2013}) 13... fxe4 14. f4 exf3 15. Nxf3 $14) 12... Ne4 13. e3 $146 {This innovation doesn't really change the evaluation - White is slightly better due to a space advantage, but Black's position is very solid.} ({Also worth considering is} 13. Rab1 $5 {freeing the a1-square for the bishop is more promising. For instance,} a3 (13... Bxe5 14. dxe5 Qb4 15. Rfd1 $14 {1-0 (24) Cifuentes Parada,R (2508)-Salamero Pelay,F (2130)/Spain 2011/EXT 2013}) 14. Ba1 Nxe5 15. Nxe5 Bd7 16. f3 Nf6 17. Nd3 {with a long strategic battle, where White's chances are preferable due to a space advantage.}) 13... a3 14. Bc3 ({After} 14. Bc1 g5 (14... c5 $5 15. cxd5 exd5 16. Nxd7 Bxd7 17. dxc5 Bxc5 18. Qd3 Rad8 $11 {is another solid way to equalise}) 15. Nxd7 Bxd7 16. c5 Bc7 17. b4 Be8 $132 {White lacks harmony, so Black has no reasons for complaint.}) 14... Nxe5 15. Nxe5 Bd7 ({The following simplification hardly promises Black equality:} 15... Bxe5 16. dxe5 Nxc3 17. Qxc3 Bd7 18. c5 Be8 19. Rad1 Bh5 20. f3 $14) 16. Nxd7 {The exchange of the passive bishop definitely makes Black's play easier.} ({It looks like} 16. Be1 $142 $1 Be8 17. f3 Nf6 18. Nd3 e5 19. c5 (19. dxe5 Bxe5 20. Nxe5 Qxe5 21. Qc1 Qe7 $11) 19... Bc7 20. Nxe5 Bxe5 21. dxe5 Qxe5 22. Qc3 Qe7 23. Qd4 {would allow White to keep a small, but risk-free edge.}) 16... Qxd7 17. c5 {This ambitious advance is double-edged: White seizes a lot of space on the queenside, but releasing the pressure in the centre offer Black decent counterplay on the opposite side.} (17. Be1 b5 18. f3 Nf6 19. c5 Bc7 20. Bc3 h5 $11) 17... Bc7 ({Magnus deviates from a boring equalising line:} 17... Nxc3 18. Qxc3 Be7 19. b4 b5 20. Rab1 Ra4 21. Rb3 Rfa8 $11) 18. b4 h5 {Black has no real threats yet, but White's king is under pressure now.} 19. Be1 e5 20. dxe5 (20. f3 $5 {also deserved some attention:} Nf6 21. Rb1 exd4 22. exd4 h4 23. b5 hxg3 24. hxg3 Nh5 25. bxc6 bxc6 26. f4 Nf6 27. Rf3 $11) 20... Bxe5 21. Rd1 Qe6 {Keeping an eye on the vulnerable a2. The position is still equal, but White has to play precisely.} 22. f3 ({After} 22. Rd3 h4 (22... Bb2 23. f3 Nf6 24. Bc3 $11) 23. gxh4 $1 f4 24. f3 Nf6 {White's position doesn't look good, though} 25. Bf2 Qf5 26. e4 dxe4 27. fxe4 Qg6 28. Kh1 {enables him to keep the balance.}) 22... Nf6 23. Bh3 $1 {White correctly opens up the position - the bishops need more space! However, the king is getting exposed now.} (23. Qb3 {was too passive:} Rfe8 24. Bf2 Bb2 $15) 23... g6 24. e4 dxe4 25. fxe4 Bb2 $1 {This brave attempt to play for a win was fully justified.} ({After} 25... Ng4 26. exf5 Rxf5 27. Rxf5 gxf5 28. Bf2 Bb2 29. Re1 $11 {Black wouldn't be able to win the a2, so White should be OK.}) 26. exf5 Qxa2 27. Bf2 {Anand's move is natural - White is connecting the rooks, so the pieces are located more harmoniously. However, this loss of tempi allows Magnus to stabilise the situation on the kingside.} (27. Rf2 $1 {[%cal Ge1c3] was safer:} Rad8 28. Rxd8 Rxd8 29. Bc3 {and White neutralises the dangerous passer:} Nd5 30. f6 Kf7 31. Bxb2 axb2 32. Qxb2 Qxb2 33. Rxb2 {with a drawish endgame.}) 27... g5 $1 28. Rfe1 $2 {White doesn't have time for a slow improvement - the a2 is simply too strong!} ({The correct approach would be} 28. Bg2 Qf7 29. Bd4 $1 Bxd4+ 30. Rxd4 {Now, when the dark-squared bishop is gone, White is able to stop the pawn:} Ng4 31. Qd2 a2 32. Qxg5+ Qg7 33. Qxg7+ Kxg7 34. Ra1 Ra4 35. Rd2 Rfa8 36. b5 Rb4 (36... Ne5 37. bxc6 bxc6 38. f6+ $1 Kxf6 39. Rf2+ Ke6 40. Re2 {and Black cannot make any progress.}) 37. Rdxa2 Rxa2 38. Rxa2 Rb1+ 39. Bf1 cxb5 (39... Ne3 40. Rf2 cxb5 41. Rf3 $11) 40. Re2 Kf6 41. h3 Ne5 42. Kf2 {White should be able to achieve a draw quite easily.}) 28... Qf7 $1 29. Re6 $1 {Vishy manages to find the best way to develop his counterplay.} (29. Rd6 {was much worse:} Rfe8 30. Rde6 Ng4 31. Bxg4 hxg4 32. Qb3 Rxe6 33. fxe6 Qf3 34. Qc4 Qd5 35. Qc2 Kg7 36. e7 Re8 37. Re3 Bd4 38. Rxa3 Rxe7 $19) 29... Ng4 $2 {This natural move is not the best from an objective point of view, though White's task is becoming extremely tough.} ({After the correct} 29... Rfe8 $1 30. b5 cxb5 31. Bg2 b4 32. Bf1 Kh8 33. Bc4 Rxe6 34. fxe6 Qe7 $17 {White still would have some counter-chances, but Black's advantage is indisputable there.}) 30. Bxg4 hxg4 31. Rg6+ Kh7 32. Rd7 $4 {That desperate move leads to a quick loss.} ({At the same time, Vishy could have escaped by means of} 32. Re6 $1 {[%cal Ge6e7]} Rfe8 (32... Qxf5 33. Rd7+ Kg8 34. Rg6+ Kh8 35. Rh6+ $11) 33. Be3 $1 {It turns out, that White has enormous attacking resources everywhere:} Be5 $1 (33... Rxe6 34. fxe6+ Qg6 35. Rd7+ Kh6 (35... Bg7 36. Qa2 {leads nowhere}) 36. Bxg5+ $1 Kxg5 37. h4+ gxh3 38. Qd2+ Kh5 39. Qe2+ Qg4 40. Rh7+ Kg5 41. Qe3+ Kf5 42. Rf7+ Bf6 43. Qf2+ Ke4 44. Rxf6 h2+ 45. Kxh2 Rh8+ 46. Kg1 Qd1+ 47. Qf1 Qxf1+ 48. Rxf1 Kd5 49. Ra1 $11) 34. h4 $3 gxh3 35. Rg6 {[%cal Gc2e2]} Bg7 36. Rd7 $3 Qxd7 37. f6 Qd1+ 38. Qxd1 Kxg6 39. Qd3+ Kxf6 40. Bd4+ Kf7 41. Qf5+ Kg8 42. Bxg7 Kxg7 43. Qxg5+ {with perpetual.}) 32... Qxd7 $19 {Unfortunately, there are not many pieces left. Black easily wins now.} 33. f6 Qd1+ (33... Rxf6 {was also good enough:} 34. Rxf6+ Kg8 35. Rg6+ Bg7 36. Qa2+ Qf7 $19) 34. Qxd1 Kxg6 35. Qd3+ Kh6 36. h4 gxh3 0-1